| 000 | 01041cam a22003257a 4500 | ||
|---|---|---|---|
| 003 | CHAP | ||
| 005 | 20220329135433.0 | ||
| 008 | 971013s1942 r 00010 d | ||
| 010 | _a36449 | ||
| 011 | _a37421 | ||
| 035 | _a41541 | ||
| 040 | _cCHAP | ||
| 090 | _aFolleto 6140 | ||
| 110 |
_aMéxico. Dirección de Economía Rural _976934 |
||
| 245 | 1 | 3 |
_aLa avena _b: producción nacional |
| 260 |
_aMéxico, D.F. : _bLa Dirección, _c1942 |
||
| 300 |
_apág. varía _b; mapas ; gráfs |
||
| 590 |
_aBATCH-UPD _b10 _c20130110 _lUCH01 _h0203 |
||
| 590 |
_aBATCH-UPD _b10 _c20130110 _lUCH01 _h2301 |
||
| 590 |
_aBATCH-UPD _b10 _c20130409 _lUCH01 _h2212 |
||
| 590 |
_aBATCH-UPD _b10 _c20130410 _lUCH01 _h1553 |
||
| 590 |
_aBATCH-UPD _b10 _c20130914 _lUCH01 _h0433 |
||
| 590 |
_aBATCH-UPD _b10 _c20130914 _lUCH01 _h2045 |
||
| 590 |
_aCONVERSION _b10 _c20130109 _lUCH01 _h1320 |
||
| 650 | 1 | 4 |
_aAvena _xEstadísticas. _98519 |
| 650 | 1 | 4 |
_aAvena _xMéxico. _98534 |
| 901 | _aBK | ||
| 942 | _cFOLL | ||
| 949 |
_aFolleto 6140 _bBC _cFOLL _d-95188 _eTS1 _i41541 _mD _si |
||
| 999 |
_c36449 _d36449 |
||